[Event "ESK-Schach Blitzturnier"]
[Site "T#645833ESK-Schach"]
[Date "2020.05.08"]
[Round "4"]
[White "PinkyDonut"]
[Black "Joachim Brüggemann"]
[Result "0-1"]
[WhiteElo "1601"]
[BlackElo "1675"]
[PlyCount "78"]
[EventDate "2020.05.08"]
[EventType "tourn (blitz)"]

1. e4 {[%emt 0:00:04]} c5 {[%emt 0:00:02]} 2. Nf3 {[%emt 0:00:01]} Nc6 {[%emt
0:00:01]} 3. d4 {[%emt 0:00:01]} cxd4 {[%emt 0:00:01]} 4. Nxd4 {[%emt 0:00:01]}
Nf6 {[%emt 0:00:02]} 5. Nc3 {[%emt 0:00:02]} d6 {[%emt 0:00:01]} 6. f3 {[%emt
0:00:03]} e5 {[%emt 0:00:02]} 7. Nb3 {[%emt 0:00:01]} Be7 {[%emt 0:00:02]} 8.
Be3 {[%emt 0:00:02]} O-O {[%emt 0:00:02]} 9. Qd2 {[%emt 0:00:01]} a5 {[%emt 0:
00:02]} 10. a4 {[%emt 0:00:02]} Be6 {[%emt 0:00:04]} 11. O-O-O {[%emt 0:00:03]}
Nb4 {[%emt 0:00:02]} 12. Kb1 {[%emt 0:00:05]} d5 {[%emt 0:00:22]} 13. exd5 {
[%emt 0:00:16]} Nfxd5 {[%emt 0:00:02]} 14. Nxd5 {[%emt 0:00:17]} Qxd5 {[%emt 0:
00:04]} 15. Qxd5 {[%emt 0:00:03]} Bxd5 {[%emt 0:00:02]} 16. Nc5 {[%emt 0:00:18]
} Rfd8 {[%emt 0:00:23]} 17. c3 {[%emt 0:00:25]} Ba2+ {[%emt 0:00:07]} 18. Kc1 {
[%emt 0:00:11]} Rxd1+ {[%emt 0:00:03]} 19. Kxd1 {[%emt 0:00:02]} Rd8+ {[%emt 0:
00:02]} 20. Kc1 {[%emt 0:00:08]} Bxc5 {[%emt 0:00:11]} 21. Bxc5 {[%emt 0:00:03]
} Bb3 {[%emt 0:00:03]} 22. Be2 {[%emt 0:00:19]} Nc6 {[%emt 0:00:10]} 23. Bb6 {
[%emt 0:00:15]} Rd5 {[%emt 0:00:08]} 24. Re1 {[%emt 0:00:23]} g5 {[%emt 0:00:
07]} 25. c4 {[%emt 0:00:29]} Rd7 {[%emt 0:00:09]} 26. Bd1 {[%emt 0:00:27]} Bxd1
{[%emt 0:00:03]} 27. Rxd1 {[%emt 0:00:01]} Rxd1+ {[%emt 0:00:01]} 28. Kxd1 {
[%emt 0:00:01]} f5 {[%emt 0:00:01]} 29. Ke2 {[%emt 0:00:05]} Kf7 {[%emt 0:00:
02]} 30. Kd3 {[%emt 0:00:04]} Ke6 {[%emt 0:00:01]} 31. g3 {[%emt 0:00:08]} h5 {
[%emt 0:00:02]} 32. Be3 {[%emt 0:00:05]} f4 {[%emt 0:00:06]} 33. gxf4 {[%emt 0:
00:03]} exf4 {[%emt 0:00:06]} 34. Bb6 {[%emt 0:00:13]} Kf5 {[%emt 0:00:03]} 35.
Ke2 {[%emt 0:00:05]} g4 {[%emt 0:00:04]} 36. fxg4+ {[%emt 0:00:04]} hxg4 {
[%emt 0:00:02]} 37. Bc7 {[%emt 0:00:03]} Ke4 {[%emt 0:00:02]} 38. Bd6 {[%emt 0:
00:04]} Nd4+ {[%emt 0:00:08]} 39. Kf2 {[%emt 0:00:02]} Nf3 {[%emt 0:00:04]
TimeW} 0-1

[Event "ESK-Schach Blitzturnier"]
[Site "T#645833ESK-Schach"]
[Date "2020.05.08"]
[Round "4"]
[White "Troyke"]
[Black "Rentier"]
[Result "1-0"]
[WhiteElo "2189"]
[BlackElo "1890"]
[PlyCount "103"]
[EventDate "2020.05.08"]
[EventType "tourn (blitz)"]

1. g3 {[%emt 0:00:03]} d5 {[%emt 0:00:04]} 2. Bg2 {[%emt 0:00:01]} c5 {[%emt 0:
00:01]} 3. Nf3 {[%emt 0:00:02]} Nc6 {[%emt 0:00:02]} 4. d4 {[%emt 0:00:02]} Nf6
{[%emt 0:00:03]} 5. O-O {[%emt 0:00:02]} e6 {[%emt 0:00:01]} 6. c4 {[%emt 0:00:
01]} Be7 {[%emt 0:00:03]} 7. cxd5 {[%emt 0:00:02]} exd5 {[%emt 0:00:02]} 8. Nc3
{[%emt 0:00:01]} O-O {[%emt 0:00:01]} 9. Bg5 {[%emt 0:00:04]} h6 {[%emt 0:00:
08]} 10. Bxf6 {[%emt 0:00:03]} Bxf6 {[%emt 0:00:02]} 11. dxc5 {[%emt 0:00:01]}
Qa5 {[%emt 0:00:40]} 12. Nxd5 {[%emt 0:00:04]} Bxb2 {[%emt 0:00:02]} 13. Rb1 {
[%emt 0:00:01]} Ba3 {[%emt 0:00:05]} 14. Nd4 {[%emt 0:00:23]} Nxd4 {[%emt 0:00:
23]} 15. Qxd4 {[%emt 0:00:05]} Qxc5 {[%emt 0:00:01]} 16. Qxc5 {[%emt 0:00:10]}
Bxc5 {[%emt 0:00:02]} 17. Rfc1 {[%emt 0:00:01]} Bd6 {[%emt 0:00:04]} 18. Nc7 {
[%emt 0:00:07]} Rb8 {[%emt 0:00:05]} 19. Nb5 {[%emt 0:00:07]} Be7 {[%emt 0:00:
17]} 20. Nxa7 {[%emt 0:00:03]} Be6 {[%emt 0:00:08]} 21. a4 {[%emt 0:00:09]} b6
{[%emt 0:00:09]} 22. Nc6 {[%emt 0:00:01]} Rbe8 {[%emt 0:00:03]} 23. Nxe7+ {
[%emt 0:00:04]} Rxe7 {[%emt 0:00:01]} 24. Rxb6 {[%emt 0:00:00]} Bd7 {[%emt 0:
00:16]} 25. Rb7 {[%emt 0:00:02]} Rfe8 {[%emt 0:00:03]} 26. a5 {[%emt 0:00:10]}
Bg4 {[%emt 0:00:09]} 27. Rxe7 {[%emt 0:00:05]} Rxe7 {[%emt 0:00:01]} 28. e3 {
[%emt 0:00:07]} Ra7 {[%emt 0:00:03]} 29. Ra1 {[%emt 0:00:01]} Bc8 {[%emt 0:00:
07]} 30. Bd5 {[%emt 0:00:08]} Ba6 {[%emt 0:00:10]} 31. f3 {[%emt 0:00:08]} Kf8
{[%emt 0:00:01]} 32. e4 {[%emt 0:00:02]} Ke7 {[%emt 0:00:01]} 33. Kf2 {[%emt 0:
00:01]} Kd6 {[%emt 0:00:01]} 34. Ke3 {[%emt 0:00:01]} Kc5 {[%emt 0:00:02]} 35.
h4 {[%emt 0:00:11]} Bb5 {[%emt 0:00:07]} 36. Kf4 {[%emt 0:00:06]} f6 {[%emt 0:
00:08]} 37. h5 {[%emt 0:00:07]} Be8 {[%emt 0:00:05]} 38. g4 {[%emt 0:00:02]}
Bd7 {[%emt 0:00:02]} 39. a6 {[%emt 0:00:04]} Bb5 {[%emt 0:00:04]} 40. Bb7 {
[%emt 0:00:03]} Kd6 {[%emt 0:00:06]} 41. Rd1+ {[%emt 0:00:11]} Kc7 {[%emt 0:00:
04]} 42. Ra1 {[%emt 0:00:02]} Bd7 {[%emt 0:00:06]} 43. Ra3 {[%emt 0:00:06]} Kd6
{[%emt 0:00:02]} 44. Rd3+ {[%emt 0:00:03]} Kc7 {[%emt 0:00:01]} 45. e5 {[%emt
0:00:01]} fxe5+ {[%emt 0:00:01]} 46. Kxe5 {[%emt 0:00:01]} Bb5 {[%emt 0:00:04]}
47. Ra3 {[%emt 0:00:04]} Bd7 {[%emt 0:00:12]} 48. Be4 {[%emt 0:00:10]} Bb5 {
[%emt 0:00:04]} 49. Bb7 {[%emt 0:00:01]} Bd7 {[%emt 0:00:02]} 50. Kd5 {[%emt 0:
00:01]} Be8 {[%emt 0:00:04]} 51. Ke6 {[%emt 0:00:03]} Bb5 {[%emt 0:00:08]} 52.
Kf7 {[%emt 0:00:04]} 1-0

[Event "ESK-Schach Blitzturnier"]
[Site "T#645833ESK-Schach"]
[Date "2020.05.08"]
[Round "4"]
[White "Voekler"]
[Black "Invictus88"]
[Result "0-1"]
[WhiteElo "1912"]
[BlackElo "2397"]
[PlyCount "56"]
[EventDate "2020.05.08"]
[EventType "tourn (blitz)"]

1. e4 {[%emt 0:00:02]} e6 {[%emt 0:00:02]} 2. d4 {[%emt 0:00:02]} d5 {[%emt 0:
00:00]} 3. Nc3 {[%emt 0:00:01]} Bb4 {[%emt 0:00:02]} 4. e5 {[%emt 0:00:01]} c5
{[%emt 0:00:02]} 5. a3 {[%emt 0:00:01]} Bxc3+ {[%emt 0:00:00]} 6. bxc3 {[%emt
0:00:01]} Ne7 {[%emt 0:00:01]} 7. Qg4 {[%emt 0:00:04]} Kf8 {[%emt 0:00:02]} 8.
h4 {[%emt 0:00:06]} Qa5 {[%emt 0:00:03]} 9. Bd2 {[%emt 0:00:03]} Qa4 {[%emt 0:
00:01]} 10. Rh3 {[%emt 0:00:19]} Nbc6 {[%emt 0:00:08]} 11. Qf4 {[%emt 0:00:17]}
Bd7 {[%emt 0:00:30]} 12. Rf3 {[%emt 0:00:34]} Be8 {[%emt 0:00:03]} 13. Rb1 {
[%emt 0:00:24]} Rb8 {[%emt 0:00:34]} 14. dxc5 {[%emt 0:00:06]} Qxc2 {[%emt 0:
00:44]} 15. Bd3 {[%emt 0:00:09]} Qa2 {[%emt 0:00:01]} 16. h5 {[%emt 0:00:18]}
h6 {[%emt 0:00:02]} 17. Nh3 {[%emt 0:00:18]} Qxa3 {[%emt 0:00:03]} 18. g4 {
[%emt 0:00:12]} Qxc5 {[%emt 0:00:13]} 19. g5 {[%emt 0:00:09]} d4 {[%emt 0:00:
15]} 20. cxd4 {[%emt 0:00:29]} Qxd4 {[%emt 0:00:06]} 21. gxh6 {[%emt 0:00:06]}
Rxh6 {[%emt 0:00:12]} 22. Bb4 {[%emt 0:00:32]} Rxh5 {[%emt 0:00:24]} 23. Bd6 {
[%emt 0:00:15]} Rxe5+ {[%emt 0:00:19]} 24. Bxe5 {[%emt 0:00:03]} Nxe5 {[%emt 0:
00:00]} 25. Be2 {[%emt 0:00:07]} Nxf3+ {[%emt 0:00:03]} 26. Bxf3 {[%emt 0:00:
02]} Qxf4 {[%emt 0:00:02]} 27. Nxf4 {[%emt 0:00:02]} Bc6 {[%emt 0:00:00]} 28.
Bxc6 {[%emt 0:00:07]} Nxc6 {[%emt 0:00:02]} 0-1

[Event "ESK-Schach Blitzturnier"]
[Site "T#645833ESK-Schach"]
[Date "2020.05.08"]
[Round "5"]
[White "Petr Hába"]
[Black "PinkyDonut"]
[Result "1-0"]
[WhiteElo "2411"]
[BlackElo "1587"]
[PlyCount "31"]
[EventDate "2020.05.08"]
[EventType "tourn (blitz)"]

1. e4 {[%emt 0:00:04]} c5 {[%emt 0:00:01]} 2. Nf3 {[%emt 0:00:02]} d6 {[%emt 0:
00:01]} 3. d4 {[%emt 0:00:01]} cxd4 {[%emt 0:00:01]} 4. Nxd4 {[%emt 0:00:00]}
Nf6 {[%emt 0:00:01]} 5. Nc3 {[%emt 0:00:00]} a6 {[%emt 0:00:01]} 6. Be2 {[%emt
0:00:01]} e5 {[%emt 0:00:02]} 7. Nf3 {[%emt 0:00:01]} h6 {[%emt 0:00:01]} 8.
Nd2 {[%emt 0:00:10]} Be6 {[%emt 0:00:04]} 9. Nc4 {[%emt 0:00:03]} Be7 {[%emt 0:
00:12]} 10. Be3 {[%emt 0:00:03]} Qc7 {[%emt 0:00:10]} 11. Nb6 {[%emt 0:00:06]}
Ra7 {[%emt 0:00:35]} 12. Nbd5 {[%emt 0:00:02]} Nxd5 {[%emt 0:00:04]} 13. exd5 {
[%emt 0:00:03]} Ra8 {[%emt 0:00:26]} 14. dxe6 {[%emt 0:00:02]} fxe6 {[%emt 0:
00:01]} 15. Bh5+ {[%emt 0:00:05]} Kd8 {[%emt 0:00:08]} 16. Qg4 {[%emt 0:00:04]}
1-0

[Event "ESK-Schach Blitzturnier"]
[Site "T#645833ESK-Schach"]
[Date "2020.05.08"]
[Round "5"]
[White "Rentier"]
[Black "MateoW"]
[Result "0-1"]
[WhiteElo "1885"]
[BlackElo "1280"]
[PlyCount "68"]
[EventDate "2020.05.08"]
[EventType "tourn (blitz)"]

1. d4 {[%emt 0:00:06]} Nf6 {[%emt 0:00:02]} 2. c4 {[%emt 0:00:02]} e6 {[%emt 0:
00:03]} 3. Nc3 {[%emt 0:00:02]} Bb4 {[%emt 0:00:01]} 4. Qc2 {[%emt 0:00:01]}
Nc6 {[%emt 0:00:10]} 5. Nf3 {[%emt 0:00:06]} d5 {[%emt 0:00:02]} 6. a3 {[%emt
0:00:06]} Bxc3+ {[%emt 0:00:10]} 7. bxc3 {[%emt 0:00:01]} O-O {[%emt 0:00:05]}
8. Bg5 {[%emt 0:00:01]} h6 {[%emt 0:00:02]} 9. Bh4 {[%emt 0:00:02]} Bd7 {[%emt
0:00:11]} 10. e3 {[%emt 0:00:04]} Na5 {[%emt 0:00:10]} 11. cxd5 {[%emt 0:00:02]
} exd5 {[%emt 0:00:05]} 12. Bd3 {[%emt 0:00:02]} Nc4 {[%emt 0:00:08]} 13. O-O {
[%emt 0:00:06]} g5 {[%emt 0:00:11]} 14. Bg3 {[%emt 0:00:02]} Nh5 {[%emt 0:00:
20]} 15. e4 {[%emt 0:00:26]} Nxg3 {[%emt 0:00:03]} 16. fxg3 {[%emt 0:00:02]}
Ne3 {[%emt 0:00:07]} 17. Qd2 {[%emt 0:00:09]} Nxf1 {[%emt 0:00:01]} 18. Rxf1 {
[%emt 0:00:01]} c6 {[%emt 0:00:24]} 19. e5 {[%emt 0:00:02]} f6 {[%emt 0:00:06]}
20. exf6 {[%emt 0:00:02]} Rxf6 {[%emt 0:00:00]} 21. Ne5 {[%emt 0:00:06]} Rxf1+
{[%emt 0:00:04]} 22. Kxf1 {[%emt 0:00:01]} Qf6+ {[%emt 0:00:06]} 23. Kg1 {
[%emt 0:00:01]} Bf5 {[%emt 0:00:07]} 24. h3 {[%emt 0:00:22]} Rf8 {[%emt 0:00:
13]} 25. Kh2 {[%emt 0:00:05]} Bxd3 {[%emt 0:00:09]} 26. Qxd3 {[%emt 0:00:01]}
Qf5 {[%emt 0:00:08]} 27. Qe2 {[%emt 0:00:04]} Re8 {[%emt 0:00:14]} 28. Qh5 {
[%emt 0:00:06]} Rxe5 {[%emt 0:00:09]} 29. dxe5 {[%emt 0:00:03]} Qxe5 {[%emt 0:
00:00]} 30. Qg6+ {[%emt 0:00:03]} Qg7 {[%emt 0:00:03]} 31. Qe8+ {[%emt 0:00:02]
} Qf8 {[%emt 0:00:06]} 32. Qg6+ {[%emt 0:00:08]} Qg7 {[%emt 0:00:02]} 33. Qe8+
{[%emt 0:00:01]} Kh7 {[%emt 0:00:01]} 34. Qd7 {[%emt 0:00:13]} Qxd7 {[%emt 0:
00:03]} 0-1

[Event "ESK-Schach Blitzturnier"]
[Site "T#645833ESK-Schach"]
[Date "2020.05.08"]
[Round "5"]
[White "Invictus88"]
[Black "Troyke"]
[Result "1-0"]
[WhiteElo "2398"]
[BlackElo "2194"]
[PlyCount "63"]
[EventDate "2020.05.08"]
[EventType "tourn (blitz)"]

1. c4 {[%emt 0:00:10]} g6 {[%emt 0:00:01]} 2. d4 {[%emt 0:00:02]} Bg7 {[%emt 0:
00:01]} 3. e4 {[%emt 0:00:00]} d6 {[%emt 0:00:01]} 4. Nc3 {[%emt 0:00:01]} Nf6
{[%emt 0:00:00]} 5. Bd3 {[%emt 0:00:02]} O-O {[%emt 0:00:00]} 6. Nge2 {[%emt 0:
00:01]} Nc6 {[%emt 0:00:02]} 7. O-O {[%emt 0:00:03]} Nd7 {[%emt 0:00:01]} 8.
Be3 {[%emt 0:00:02]} e5 {[%emt 0:00:01]} 9. d5 {[%emt 0:00:01]} Nd4 {[%emt 0:
00:01]} 10. Bc2 {[%emt 0:00:01]} Nxc2 {[%emt 0:00:07]} 11. Qxc2 {[%emt 0:00:00]
} f5 {[%emt 0:00:04]} 12. exf5 {[%emt 0:00:01]} gxf5 {[%emt 0:00:01]} 13. f4 {
[%emt 0:00:02]} a5 {[%emt 0:00:04]} 14. Rad1 {[%emt 0:00:09]} Kh8 {[%emt 0:00:
01]} 15. Ng3 {[%emt 0:00:09]} e4 {[%emt 0:00:34]} 16. Nh5 {[%emt 0:00:04]} Nc5
{[%emt 0:00:05]} 17. Nxg7 {[%emt 0:00:09]} Kxg7 {[%emt 0:00:01]} 18. Bd4+ {
[%emt 0:00:33]} Kf7 {[%emt 0:00:02]} 19. Bxc5 {[%emt 0:00:28]} dxc5 {[%emt 0:
00:02]} 20. d6 {[%emt 0:00:01]} Be6 {[%emt 0:00:15]} 21. Nb5 {[%emt 0:00:03]}
c6 {[%emt 0:00:15]} 22. Nc7 {[%emt 0:00:01]} Rc8 {[%emt 0:00:01]} 23. Qc3 {
[%emt 0:00:08]} Qf6 {[%emt 0:00:11]} 24. Nxe6 {[%emt 0:00:21]} Kxe6 {[%emt 0:
00:07]} 25. Qxa5 {[%emt 0:00:17]} Rg8 {[%emt 0:00:19]} 26. Rf2 {[%emt 0:00:21]}
Rg4 {[%emt 0:00:46]} 27. Qxc5 {[%emt 0:00:11]} Rcg8 {[%emt 0:00:05]} 28. d7 {
[%emt 0:00:05]} Rxg2+ {[%emt 0:00:05]} 29. Rxg2 {[%emt 0:00:02]} Rxg2+ {[%emt
0:00:01]} 30. Kxg2 {[%emt 0:00:01]} Qxb2+ {[%emt 0:00:00]} 31. Kh1 {[%emt 0:00:
05]} Qe2 {[%emt 0:00:05]} 32. Qe5+ {[%emt 0:00:04]} 1-0

[Event "ESK-Schach Blitzturnier"]
[Site "T#645833ESK-Schach"]
[Date "2020.05.08"]
[Round "5"]
[White "Joachim Brüggemann"]
[Black "Voekler"]
[Result "1-0"]
[WhiteElo "1721"]
[BlackElo "1910"]
[PlyCount "73"]
[EventDate "2020.05.08"]
[EventType "tourn (blitz)"]

1. e4 {[%emt 0:00:04]} c5 {[%emt 0:00:02]} 2. Nf3 {[%emt 0:00:01]} d6 {[%emt 0:
00:01]} 3. d4 {[%emt 0:00:01]} cxd4 {[%emt 0:00:01]} 4. Nxd4 {[%emt 0:00:01]}
Nf6 {[%emt 0:00:01]} 5. Nc3 {[%emt 0:00:01]} a6 {[%emt 0:00:01]} 6. Bg5 {[%emt
0:00:02]} e6 {[%emt 0:00:02]} 7. Qe2 {[%emt 0:00:04]} Be7 {[%emt 0:00:02]} 8.
h4 {[%emt 0:00:03]} Qc7 {[%emt 0:00:02]} 9. O-O-O {[%emt 0:00:02]} h6 {[%emt 0:
00:02]} 10. Be3 {[%emt 0:00:03]} b5 {[%emt 0:00:11]} 11. a3 {[%emt 0:00:04]}
Nbd7 {[%emt 0:00:06]} 12. g4 {[%emt 0:00:02]} Nc5 {[%emt 0:00:08]} 13. Bg2 {
[%emt 0:00:02]} Bb7 {[%emt 0:00:05]} 14. g5 {[%emt 0:00:02]} Nfxe4 {[%emt 0:00:
12]} 15. Nxe4 {[%emt 0:00:02]} Bxe4 {[%emt 0:00:08]} 16. Bxe4 {[%emt 0:00:03]}
Nxe4 {[%emt 0:00:02]} 17. g6 {[%emt 0:00:01]} Nf6 {[%emt 0:00:18]} 18. gxf7+ {
[%emt 0:00:04]} Kxf7 {[%emt 0:00:01]} 19. Rhg1 {[%emt 0:00:04]} Rhg8 {[%emt 0:
00:04]} 20. f4 {[%emt 0:00:21]} Rac8 {[%emt 0:00:18]} 21. Rg2 {[%emt 0:00:02]}
Qc4 {[%emt 0:00:13]} 22. Rd3 {[%emt 0:00:21]} Qa2 {[%emt 0:00:11]} 23. Nb3 {
[%emt 0:00:14]} Rc4 {[%emt 0:00:09]} 24. Qf3 {[%emt 0:00:11]} d5 {[%emt 0:00:
18]} 25. Bd4 {[%emt 0:00:35]} Rgc8 {[%emt 0:00:43]} 26. Qg3 {[%emt 0:00:06]}
Rg8 {[%emt 0:00:20]} 27. Qg6+ {[%emt 0:00:06]} Kf8 {[%emt 0:00:02]} 28. f5 {
[%emt 0:00:06]} e5 {[%emt 0:00:17]} 29. Bxe5 {[%emt 0:00:09]} Rxh4 {[%emt 0:00:
03]} 30. Bxf6 {[%emt 0:00:04]} Bxf6 {[%emt 0:00:09]} 31. Re2 {[%emt 0:00:41]}
Qxb2+ {[%emt 0:00:11]} 32. Kd2 {[%emt 0:00:01]} Bg5+ {[%emt 0:00:01]} 33. Rde3
{[%emt 0:00:11]} Rd4+ {[%emt 0:00:20]} 34. Ke1 {[%emt 0:00:07]} Qb1+ {[%emt 0:
00:10]} 35. Kf2 {[%emt 0:00:02]} Bxe3+ {[%emt 0:00:05]} 36. Kxe3 {[%emt 0:00:
05]} Rf4 {[%emt 0:00:00]} 37. Kd2 {[%emt 0:00:07] TimeB} 1-0

[Event "ESK-Schach Blitzturnier"]
[Site "T#645833ESK-Schach"]
[Date "2020.05.08"]
[Round "6"]
[White "Rentier"]
[Black "Invictus88"]
[Result "0-1"]
[WhiteElo "1852"]
[BlackElo "2407"]
[PlyCount "28"]
[EventDate "2020.05.08"]
[EventType "tourn (blitz)"]

1. d4 {[%emt 0:00:05]} Nf6 {[%emt 0:00:02]} 2. c4 {[%emt 0:00:02]} e6 {[%emt 0:
00:00]} 3. Nc3 {[%emt 0:00:02]} Bb4 {[%emt 0:00:02]} 4. Qc2 {[%emt 0:00:01]} d6
{[%emt 0:00:01]} 5. a3 {[%emt 0:00:12]} Bxc3+ {[%emt 0:00:03]} 6. Qxc3 {[%emt
0:00:01]} Nbd7 {[%emt 0:00:03]} 7. Bg5 {[%emt 0:00:04]} c5 {[%emt 0:00:09]} 8.
Nf3 {[%emt 0:00:10]} h6 {[%emt 0:00:07]} 9. Bxf6 {[%emt 0:00:03]} Qxf6 {[%emt
0:00:03]} 10. e3 {[%emt 0:00:01]} O-O {[%emt 0:00:04]} 11. Be2 {[%emt 0:00:02]}
b6 {[%emt 0:00:01]} 12. O-O {[%emt 0:00:02]} Bb7 {[%emt 0:00:01]} 13. b4 {
[%emt 0:00:03]} Rac8 {[%emt 0:00:03]} 14. dxc5 {[%emt 0:00:04]} Qxc3 {[%emt 0:
00:02]} 0-1

[Event "ESK-Schach Blitzturnier"]
[Site "T#645833ESK-Schach"]
[Date "2020.05.08"]
[Round "6"]
[White "Troyke"]
[Black "Joachim Brüggemann"]
[Result "1/2-1/2"]
[WhiteElo "2186"]
[BlackElo "1802"]
[PlyCount "74"]
[EventDate "2020.05.08"]
[EventType "tourn (blitz)"]

1. g3 {[%emt 0:00:02]} Nf6 {[%emt 0:00:02]} 2. Bg2 {[%emt 0:00:01]} e6 {[%emt
0:00:01]} 3. Nf3 {[%emt 0:00:02]} d5 {[%emt 0:00:01]} 4. O-O {[%emt 0:00:01]}
Be7 {[%emt 0:00:01]} 5. c4 {[%emt 0:00:01]} O-O {[%emt 0:00:02]} 6. b3 {[%emt
0:00:01]} c5 {[%emt 0:00:01]} 7. Bb2 {[%emt 0:00:00]} Nc6 {[%emt 0:00:01]} 8.
e3 {[%emt 0:00:01]} b6 {[%emt 0:00:02]} 9. Qe2 {[%emt 0:00:01]} Ba6 {[%emt 0:
00:02]} 10. d3 {[%emt 0:00:01]} Rc8 {[%emt 0:00:08]} 11. Nc3 {[%emt 0:00:02]}
d4 {[%emt 0:00:02]} 12. exd4 {[%emt 0:00:01]} cxd4 {[%emt 0:00:06]} 13. Nb5 {
[%emt 0:00:01]} Bxb5 {[%emt 0:00:07]} 14. cxb5 {[%emt 0:00:02]} Nb4 {[%emt 0:
00:02]} 15. Nxd4 {[%emt 0:00:03]} Nfd5 {[%emt 0:00:06]} 16. a3 {[%emt 0:00:13]}
Nc3 {[%emt 0:00:04]} 17. Bxc3 {[%emt 0:00:01]} Rxc3 {[%emt 0:00:02]} 18. Nc6 {
[%emt 0:00:15]} Nxc6 {[%emt 0:00:05]} 19. bxc6 {[%emt 0:00:01]} Rxb3 {[%emt 0:
00:06]} 20. a4 {[%emt 0:00:01]} Bf6 {[%emt 0:00:19]} 21. Rac1 {[%emt 0:00:02]}
Qc7 {[%emt 0:00:02]} 22. Rfd1 {[%emt 0:00:15]} Rd8 {[%emt 0:00:03]} 23. h4 {
[%emt 0:00:03]} Rb4 {[%emt 0:00:07]} 24. Rc4 {[%emt 0:00:03]} a5 {[%emt 0:00:
07]} 25. h5 {[%emt 0:00:12]} h6 {[%emt 0:00:02]} 26. Be4 {[%emt 0:00:03]} Rxc4
{[%emt 0:00:12]} 27. dxc4 {[%emt 0:00:01]} Bd4 {[%emt 0:00:01]} 28. Kg2 {[%emt
0:00:06]} Kf8 {[%emt 0:00:09]} 29. Rd3 {[%emt 0:00:11]} Bc5 {[%emt 0:00:02]}
30. Qd1 {[%emt 0:00:08]} Rxd3 {[%emt 0:00:03]} 31. Qxd3 {[%emt 0:00:02]} Ke7 {
[%emt 0:00:01]} 32. Qf3 {[%emt 0:00:07]} f5 {[%emt 0:00:03]} 33. Bd3 {[%emt 0:
00:06]} Kd6 {[%emt 0:00:02]} 34. g4 {[%emt 0:00:06]} Qxc6 {[%emt 0:00:02]} 35.
Qxc6+ {[%emt 0:00:02]} Kxc6 {[%emt 0:00:02]} 36. gxf5 {[%emt 0:00:01]} exf5 {
[%emt 0:00:01]} 37. Bxf5 {[%emt 0:00:01]} Kd6 {[%emt 0:00:01] Joachim
Brüggemann offers a draw} 1/2-1/2

[Event "ESK-Schach Blitzturnier"]
[Site "T#645833ESK-Schach"]
[Date "2020.05.08"]
[Round "6"]
[White "MateoW"]
[Black "PinkyDonut"]
[Result "0-1"]
[WhiteElo "1313"]
[BlackElo "1587"]
[PlyCount "59"]
[EventDate "2020.05.08"]
[EventType "tourn (blitz)"]

1. d4 {[%emt 0:00:03]} Nf6 {[%emt 0:00:03]} 2. c4 {[%emt 0:00:01]} g6 {[%emt 0:
00:01]} 3. Nc3 {[%emt 0:00:01]} Bg7 {[%emt 0:00:01]} 4. e4 {[%emt 0:00:02]} d6
{[%emt 0:00:01]} 5. f3 {[%emt 0:00:01]} O-O {[%emt 0:00:02]} 6. Be3 {[%emt 0:
00:02]} Nbd7 {[%emt 0:00:14]} 7. Bd3 {[%emt 0:00:02]} e5 {[%emt 0:00:04]} 8. d5
{[%emt 0:00:01]} Nc5 {[%emt 0:00:13]} 9. Nge2 {[%emt 0:00:08]} Ne8 {[%emt 0:00:
19]} 10. Qd2 {[%emt 0:00:06]} f5 {[%emt 0:00:31]} 11. exf5 {[%emt 0:00:03]}
gxf5 {[%emt 0:00:04]} 12. f4 {[%emt 0:00:20]} e4 {[%emt 0:00:07]} 13. Bc2 {
[%emt 0:00:06]} Bd7 {[%emt 0:00:34]} 14. b4 {[%emt 0:00:09]} Na6 {[%emt 0:00:
03]} 15. b5 {[%emt 0:00:07]} Nc5 {[%emt 0:00:05]} 16. Bxc5 {[%emt 0:00:03]}
dxc5 {[%emt 0:00:02]} 17. Na4 {[%emt 0:00:06]} Bxa1 {[%emt 0:00:05]} 18. O-O {
[%emt 0:00:14]} Bg7 {[%emt 0:00:06]} 19. Nxc5 {[%emt 0:00:02]} b6 {[%emt 0:00:
07]} 20. Nxd7 {[%emt 0:00:05]} Qxd7 {[%emt 0:00:01]} 21. a4 {[%emt 0:00:05]}
Nd6 {[%emt 0:00:02]} 22. Bb3 {[%emt 0:00:04]} Rae8 {[%emt 0:00:07]} 23. a5 {
[%emt 0:00:12]} e3 {[%emt 0:00:04]} 24. Qa2 {[%emt 0:00:02]} Ne4 {[%emt 0:00:
11]} 25. axb6 {[%emt 0:00:07]} axb6 {[%emt 0:00:03]} 26. Bc2 {[%emt 0:00:03]}
Ra8 {[%emt 0:00:08]} 27. Qb3 {[%emt 0:00:03]} Nd2 {[%emt 0:00:04]} 28. Qxe3 {
[%emt 0:00:03]} Nxf1 {[%emt 0:00:04]} 29. Kxf1 {[%emt 0:00:00]} Ra1+ {[%emt 0:
00:06]} 30. Kf2 {[%emt 0:00:07]} 0-1

[Event "ESK-Schach Blitzturnier"]
[Site "T#645833ESK-Schach"]
[Date "2020.05.08"]
[Round "6"]
[White "Voekler"]
[Black "Petr Hába"]
[Result "0-1"]
[WhiteElo "1885"]
[BlackElo "2411"]
[PlyCount "60"]
[EventDate "2020.05.08"]
[EventType "tourn (blitz)"]

1. e4 {[%emt 0:00:02]} e5 {[%emt 0:00:01]} 2. Nf3 {[%emt 0:00:01]} Nc6 {[%emt
0:00:01]} 3. Bb5 {[%emt 0:00:01]} a6 {[%emt 0:00:01]} 4. Ba4 {[%emt 0:00:01]}
Nf6 {[%emt 0:00:01]} 5. O-O {[%emt 0:00:01]} Nxe4 {[%emt 0:00:01]} 6. d4 {
[%emt 0:00:03]} b5 {[%emt 0:00:01]} 7. Bb3 {[%emt 0:00:01]} d5 {[%emt 0:00:01]}
8. dxe5 {[%emt 0:00:01]} Be6 {[%emt 0:00:00]} 9. Be3 {[%emt 0:00:01]} Be7 {
[%emt 0:00:07]} 10. c3 {[%emt 0:00:04]} O-O {[%emt 0:00:06]} 11. Nbd2 {[%emt 0:
00:03]} Qd7 {[%emt 0:00:05]} 12. h3 {[%emt 0:00:40]} Rad8 {[%emt 0:00:09]} 13.
Qe2 {[%emt 0:00:09]} Nxd2 {[%emt 0:00:05]} 14. Qxd2 {[%emt 0:00:06]} Na5 {
[%emt 0:00:02]} 15. Ng5 {[%emt 0:00:09]} Bf5 {[%emt 0:00:16]} 16. Rad1 {[%emt
0:00:22]} Nxb3 {[%emt 0:00:26]} 17. axb3 {[%emt 0:00:02]} c5 {[%emt 0:00:12]}
18. Nf3 {[%emt 0:00:30]} Qe6 {[%emt 0:00:12]} 19. Ra1 {[%emt 0:00:09]} Qg6 {
[%emt 0:00:07]} 20. Kh1 {[%emt 0:00:04]} Be4 {[%emt 0:00:05]} 21. Ne1 {[%emt 0:
00:06]} d4 {[%emt 0:00:15]} 22. cxd4 {[%emt 0:00:02]} cxd4 {[%emt 0:00:00]} 23.
Bf4 {[%emt 0:00:01]} Bb7 {[%emt 0:00:32]} 24. f3 {[%emt 0:00:03]} d3 {[%emt 0:
00:04]} 25. Rd1 {[%emt 0:00:18]} Qe6 {[%emt 0:00:03]} 26. Nxd3 {[%emt 0:00:14]}
Qxb3 {[%emt 0:00:01]} 27. Qe2 {[%emt 0:00:03]} Qc4 {[%emt 0:00:05]} 28. Bg3 {
[%emt 0:00:06]} a5 {[%emt 0:00:07]} 29. Rd2 {[%emt 0:00:18]} Bb4 {[%emt 0:00:
07]} 30. Nxb4 {[%emt 0:00:06]} Rxd2 {[%emt 0:00:02]} 0-1